000
00253nam a2200097Ia 4500
001
698653
005
20250826162055.0
008
250824s9999 xx 000 0 und d
245
0
_a
BİZE GÖRE (ANTİK)
_c
AHMET HAŞİM
260
_b
ANTİK DÜNYA KLASİKLERİ
999
_c
698653
_d
698653